000 00347nam a22001577a 4500
005 20160618144911.0
008 160618b xxu||||| |||| 00| 0 eng d
041 _aeng
082 _b8176
100 _aKoli, Dr. L.N.
_92239
245 _aInternational Business
260 _bNaravis
300 _a352
650 _aManagement
_9241
942 _cBK
999 _c3130
_d3129